[Event "14th Capablanca Memorial"]
[Site "Cienfuegos CUB"]
[Date "1977.05.21"]
[Round "4"]
[White "Valdes Castillo, Arnaldo"]
[Black "Estevez Morales, Guillermo"]
[Result "1-0"]
[WhiteElo "2285"]
[BlackElo "2360"]
[EventDate "1977.05.18"]
[PlyCount "67"]

1.e4 c5 2.Nf3 d6 3.d4 cxd4 4.Nxd4 Nf6 5.Nc3 Nc6 6.Bc4 e6 7.Be3 Be7 8.Qe2 
a6 9.Bb3 O-O 10.O-O-O Qc7 11.Rhg1 b5 12.g4 Na5 13.g5 Nxb3+ 14.axb3 Nd7 15.
Rg3 Re8 16.Qh5 g6 17.Qh4 Bf8 18.Rh3 Bg7 19.Qxh7+ Kf8 20.Nf5 gxf5 21.exf5 
Bb7 22.f6 Nxf6 23.gxf6 Bxf6 24.Bf4 e5 25.Qf5 Re6 26.Bh6+ Ke8 27.Ne4 Bxe4 
28.Qxe4 Rc8 29.Rc3 Qb8 30.Rg1 Ke7 31.Bg7 Rxc3 32.bxc3 Bxg7 33.Rxg7 Qh8 34.
Qb7+ 1-0

[Event "14th Capablanca Memorial"]
[Site "Cienfuegos CUB"]
[Date "1977.05.21"]
[Round "4"]
[White "Rodriguez Cordoba, Jesus"]
[Black "Ermenkov, Evgeny"]
[Result "0-1"]
[WhiteElo "2310"]
[BlackElo "2445"]
[EventDate "1977.05.18"]
[PlyCount "50"]

1.e4 c5 2.Nf3 Nc6 3.d4 cxd4 4.Nxd4 Nf6 5.Nc3 d6 6.Bc4 e6 7.Be3 Be7 8.Qe2 
a6 9.Bb3 Qc7 10.O-O-O O-O 11.Rhg1 Na5 12.g4 b5 13.g5 Nxb3+ 14.axb3 Nd7 15.
Nf5 exf5 16.Nd5 Qd8 17.exf5 Re8 18.Qf3 Rb8 19.f6 Bf8 20.g6 hxg6 21.Rxg6 
Ne5 22.fxg7 Be7 23.Nxe7+ Qxe7 24.Qh5 fxg6 25.Qh8+ Kf7 0-1

[Event "14th Capablanca Memorial"]
[Site "Cienfuegos CUB"]
[Date "1977.05.21"]
[Round "4"]
[White "Hedman Senarega, Jose Antonio"]
[Black "Lechtynsky, Jiri"]
[Result "1/2-1/2"]
[WhiteElo "2270"]
[BlackElo "2375"]
[EventDate "1977.05.18"]
[PlyCount "25"]

1.Nf3 Nf6 2.c4 g6 3.b3 Bg7 4.Bb2 O-O 5.g3 d6 6.Bg2 e5 7.d3 Nbd7 8.O-O Nh5 
9.Qc2 f5 10.Nbd2 Kh8 11.b4 Ndf6 12.Rac1 Qe7 13.e3 1/2-1/2

[Event "14th Capablanca Memorial"]
[Site "Cienfuegos CUB"]
[Date "1977.05.23"]
[Round "5"]
[White "Dorfman, Iosif"]
[Black "Garcia Gonzales, Guillermo"]
[Result "1-0"]
[WhiteElo "2445"]
[BlackElo "2485"]
[EventDate "1977.05.18"]
[PlyCount "81"]

1.Nf3 Nf6 2.c4 c5 3.g3 b6 4.Bg2 Bb7 5.O-O e6 6.b3 Be7 7.Bb2 O-O 8.Nc3 a6 
9.d4 cxd4 10.Qxd4 d6 11.Rfd1 Qc7 12.Ba3 Rd8 13.Rac1 Nc6 14.Qe3 Ng4 15.Qf4 
Nce5 16.Bb2 h5 17.h3 Ng6 18.Qd2 N4e5 19.Qe3 h4 20.Nxh4 Bxh4 21.Bxb7 Qxb7 
22.gxh4 Nxh4 23.Qe4 Qe7 24.Kh1 f5 25.Qe3 Qf6 26.f4 Qh6 27.Qg3 Neg6 28.e3 
Ne7 29.Rg1 Nhg6 30.Ne2 Kf7 31.Nd4 Rh8 32.Kh2 Rae8 33.Nf3 Nc8 34.Ng5+ Kg8 
35.Qf3 Qh5 36.Qb7 Nge7 37.Rc2 Rh6 38.Rcg2 e5 39.Qd7 a5 40.Rg3 Rf8 41.Ne6 
1-0

[Event "14th Capablanca Memorial"]
[Site "Cienfuegos CUB"]
[Date "1977.05.23"]
[Round "5"]
[White "Romanishin, Oleg"]
[Black "Vilela de Acuna, Jose Luis"]
[Result "1/2-1/2"]
[WhiteElo "2595"]
[BlackElo "2405"]
[EventDate "1977.05.18"]
[PlyCount "89"]

1.d4 Nf6 2.c4 e6 3.Nf3 b6 4.g3 Ba6 5.Qa4 Bb7 6.Bg2 c5 7.e3 Be7 8.O-O O-O 
9.Nc3 Qc8 10.Bd2 d6 11.Rfd1 Nbd7 12.Rac1 a6 13.Be1 Re8 14.a3 Qc7 15.d5 b5 
16.Qc2 bxc4 17.e4 exd5 18.Nxd5 Nxd5 19.exd5 Bf6 20.Qxc4 Bxb2 21.Rb1 Bf6 
22.Qa4 Ne5 23.Ba5 Qe7 24.Re1 Bc8 25.Nd2 Bf5 26.Ne4 Bxe4 27.Bxe4 Qd7 28.
Qxd7 Nxd7 29.Bc7 Bc3 30.Re2 Nf6 31.Bf3 Rxe2 32.Bxe2 Ne8 33.Bb8 Bb4 34.Bxd6
Nxd6 35.axb4 Rb8 36.Ra1 cxb4 37.Rxa6 Ne4 38.Rc6 Kf8 39.Bd3 Nd2 40.Kg2 b3 
41.d6 g6 42.Rc7 Rd8 43.Rc6 Rb8 44.Rc7 Rd8 45.Rc6 1/2-1/2

[Event "14th Capablanca Memorial"]
[Site "Cienfuegos CUB"]
[Date "1977.05.23"]
[Round "5"]
[White "Rodriguez Cespedes, Amador"]
[Black "Rodriguez Cordoba, Jesus"]
[Result "1-0"]
[WhiteElo "2395"]
[BlackElo "2310"]
[EventDate "1977.05.18"]
[PlyCount "73"]

1.e4 c5 2.Nf3 d6 3.d4 cxd4 4.Nxd4 Nf6 5.Nc3 Nc6 6.Bg5 e6 7.Qd2 a6 8.O-O-O 
Bd7 9.f4 Be7 10.Nf3 b5 11.Bxf6 gxf6 12.f5 Qb6 13.Kb1 h5 14.g3 Qa5 15.Bh3 
b4 16.Ne2 e5 17.Nh4 Qc5 18.Ng2 Na5 19.Ne3 Bc6 20.Bg2 Nc4 21.Nxc4 Qxc4 22.
Rhe1 a5 23.Nc1 Qc5 24.Bf1 O-O-O 25.Nb3 Qb6 26.Bc4 a4 27.Nc1 d5 28.Bxd5 
Rxd5 29.exd5 Rd8 30.c4 bxc3 31.Qxc3 Rxd5 32.Rxd5 Bb4 33.Qc4 Bxe1 34.Rc5 
Kb7 35.Nd3 Ba5 36.Qxf7+ Ka6 37.Qxf6 1-0

[Event "14th Capablanca Memorial"]
[Site "Cienfuegos CUB"]
[Date "1977.05.23"]
[Round "5"]
[White "Menvielle Laccourreye, Augusto"]
[Black "Fernandez Gonzalez, Juan Carlos"]
[Result "0-1"]
[WhiteElo "2340"]
[BlackElo "2420"]
[EventDate "1977.05.18"]
[PlyCount "87"]

1.e4 c5 2.Nf3 d6 3.d4 cxd4 4.Qxd4 Nc6 5.Bb5 Bd7 6.Bxc6 Bxc6 7.Nc3 Nf6 8.
Bg5 e6 9.O-O-O Be7 10.Rhe1 O-O 11.Qd2 Qc7 12.Nd4 Rfd8 13.Kb1 a6 14.f3 b5 
15.g4 Bb7 16.a3 Rac8 17.h4 Qc4 18.h5 Rd7 19.Nb3 Bd8 20.h6 g6 21.Qe3 Qc7 
22.Re2 Be7 23.Qd4 Qd8 24.Be3 e5 25.Qd2 d5 26.g5 Nh5 27.Nxd5 Bxd5 28.exd5 
Ng3 29.Ree1 Nf5 30.f4 exf4 31.Bxf4 Rc4 32.Rg1 a5 33.Be5 a4 34.Na5 Rc5 35.
Qe1 Rdxd5 36.Rxd5 Qxd5 37.Bc3 Rc8 38.Qe2 Rd8 39.Re1 Rd7 40.Nc6 Qxc6 41.Qe5
f6 42.gxf6 Qxf6 43.Qb8+ Rd8 44.Qxb5 0-1

[Event "14th Capablanca Memorial"]
[Site "Cienfuegos CUB"]
[Date "1977.05.23"]
[Round "5"]
[White "Lechtynsky, Jiri"]
[Black "Antoshin, Vladimir"]
[Result "1-0"]
[WhiteElo "2375"]
[BlackElo "2475"]
[EventDate "1977.05.18"]
[PlyCount "100"]

1.e4 e5 2.Nf3 d6 3.d4 exd4 4.Qxd4 Nc6 5.Bb5 Bd7 6.Bxc6 Bxc6 7.Bg5 Nf6 8.
Nc3 Be7 9.O-O O-O 10.Rfe1 h6 11.Bh4 Nh5 12.Bxe7 Qxe7 13.Nd5 Bxd5 14.exd5 
Qf6 15.Re3 Rfe8 16.Rae1 Rxe3 17.Rxe3 Qxd4 18.Nxd4 Nf6 19.c4 a6 20.f3 b5 
21.b3 Rb8 22.Nc6 Rb6 23.Re7 bxc4 24.bxc4 Rb1+ 25.Kf2 Rc1 26.Rxc7 Kh7 27.
Ne7 a5 28.a4 Nh5 29.Nf5 Nf4 30.Rxf7 Rc2+ 31.Ke3 Rxc4 32.Rxg7+ Kh8 33.Rg4 
Nxd5+ 34.Kd2 Rxg4 35.fxg4 Nb6 36.Nxd6 Nxa4 37.Nc4 Kg7 38.Ke3 Kf6 39.Kf4 
Nc3 40.Nxa5 Nd5+ 41.Kf3 Nc7 42.Nc4 Ne6 43.Ne3 Kg5 44.Nf5 Nc5 45.h4+ Kg6 
46.Ne7+ Kf6 47.Nd5+ Ke5 48.Nf4 Kf6 49.Ke3 Nb3 50.Ke4 Nc5+ 1-0

[Event "14th Capablanca Memorial"]
[Site "Cienfuegos CUB"]
[Date "1977.05.23"]
[Round "5"]
[White "Farago, Ivan"]
[Black "Andersson, Ulf"]
[Result "1-0"]
[WhiteElo "2500"]
[BlackElo "2565"]
[EventDate "1977.05.18"]
[PlyCount "111"]

1.d4 Nf6 2.c4 g6 3.Nc3 Bg7 4.e4 d6 5.Be2 O-O 6.Bg5 c5 7.d5 Qa5 8.Bd2 e6 9.
Nf3 exd5 10.exd5 Bg4 11.O-O Nbd7 12.h3 Bxf3 13.Bxf3 a6 14.a4 Qc7 15.a5 Kh8
16.Qa4 Ng8 17.Rab1 Bh6 18.Bxh6 Nxh6 19.b4 Nf5 20.Bg4 Ne5 21.bxc5 Qxc5 22.
Ne4 Qxc4 23.Qxc4 Nxc4 24.Rb4 Rac8 25.Rxb7 Nxa5 26.Rb6 Nc4 27.Rxa6 Ra8 28.
Rfa1 Rxa6 29.Rxa6 Rd8 30.Bxf5 gxf5 31.Ng3 Kg7 32.Rc6 Ne5 33.Rxd6 Rxd6 34.
Nxf5+ Kf6 35.Nxd6 Nd3 36.Ne4+ Kf5 37.d6 Ne5 38.Nc5 Nc6 39.Kh2 Nd8 40.Kg3 
Ke5 41.Nd7+ Kf5 42.Kh4 Nb7 43.Nf8 h6 44.Kh5 Nxd6 45.Kxh6 Ne4 46.f3 Nd6 47.
g3 Nc4 48.Kg7 Nd2 49.h4 Nxf3 50.h5 f6 51.h6 Ng5 52.Nh7 Ne6+ 53.Kf7 Nd8+ 
54.Ke8 Ne6 55.Ke7 Nc7 56.Nf8 1-0

[Event "14th Capablanca Memorial"]
[Site "Cienfuegos CUB"]
[Date "1977.05.23"]
[Round "5"]
[White "Ermenkov, Evgeny"]
[Black "Hedman Senarega, Jose Antonio"]
[Result "1/2-1/2"]
[WhiteElo "2445"]
[BlackElo "2270"]
[EventDate "1977.05.18"]
[PlyCount "46"]

1.e4 c6 2.Nf3 d5 3.Nc3 dxe4 4.Nxe4 Nd7 5.Bc4 Ngf6 6.Neg5 e6 7.Qe2 Qe7 8.
O-O h6 9.Ne4 Nxe4 10.Qxe4 Nf6 11.Qe2 Qc7 12.d4 Bd6 13.Bd2 O-O 14.Rad1 Bd7 
15.Bb3 Rad8 16.c4 c5 17.dxc5 Bxc5 18.Ne5 Bc6 19.Bc2 Bd4 20.Nxc6 Qxc6 21.b3
Rd7 22.Bc1 Rfd8 23.Kh1 Qc5 1/2-1/2

[Event "14th Capablanca Memorial"]
[Site "Cienfuegos CUB"]
[Date "1977.05.23"]
[Round "5"]
[White "Ferrera, Benjamin"]
[Black "Valdes Castillo, Arnaldo"]
[Result "1/2-1/2"]
[WhiteElo "2310"]
[BlackElo "2285"]
[EventDate "1977.05.18"]
[PlyCount "25"]

1.Nf3 b5 2.e4 Bb7 3.Qe2 g6 4.g3 Bg7 5.Bg2 e5 6.O-O a6 7.c3 c5 8.d3 Ne7 9.
a4 Nbc6 10.axb5 axb5 11.Rxa8 Qxa8 12.Na3 Ba6 13.Be3 1/2-1/2

[Event "14th Capablanca Memorial"]
[Site "Cienfuegos CUB"]
[Date "1977.05.23"]
[Round "5"]
[White "Estevez Morales, Guillermo"]
[Black "Cobo Arteaga, Eldis"]
[Result "0-1"]
[WhiteElo "2360"]
[BlackElo "2390"]
[EventDate "1977.05.18"]
[PlyCount "82"]

1.e4 c5 2.Nf3 d6 3.d4 cxd4 4.Nxd4 Nf6 5.Nc3 e6 6.g4 a6 7.g5 Nfd7 8.h4 Nc6 
9.Be3 Nde5 10.f4 Nxd4 11.Bxd4 Nc6 12.Be3 b5 13.a3 Qc7 14.Bh3 Bd7 15.O-O h5
16.Qe2 g6 17.Rad1 Be7 18.Bg2 Rc8 19.Rf2 Qb8 20.Nd5 exd5 21.exd5 Bg4 22.Bf3
Bxf3 23.Rxf3 O-O 24.dxc6 Rxc6 25.Bd4 Qc8 26.f5 Bd8 27.c3 gxf5 28.Rf4 Bb6 
29.Bxb6 Rxb6 30.Qf2 Rc6 31.Rdd4 Rc4 32.Rxc4 bxc4 33.Rxf5 Qe6 34.Rf4 Re8 
35.Kg2 Kg7 36.Qd4+ Kg8 37.Qxc4 d5 38.Qd4 Qe1 39.Qf2 Re2 40.g6 Rxf2+ 41.
Rxf2 fxg6 0-1

[Event "14th Capablanca Memorial"]
[Site "Cienfuegos CUB"]
[Date "1977.05.24"]
[Round "6"]
[White "Vilela de Acuna, Jose Luis"]
[Black "Farago, Ivan"]
[Result "1/2-1/2"]
[WhiteElo "2405"]
[BlackElo "2500"]
[EventDate "1977.05.18"]
[PlyCount "30"]

1.e4 e6 2.d4 d5 3.Nd2 Nf6 4.e5 Nfd7 5.Bd3 c5 6.c3 Nc6 7.Ne2 cxd4 8.cxd4 f6
9.exf6 Nxf6 10.Nf3 Qb6 11.O-O Bd6 12.Nc3 O-O 13.Be3 Bd7 14.Rc1 Rae8 15.a3 
Qd8 1/2-1/2

[Event "14th Capablanca Memorial"]
[Site "Cienfuegos CUB"]
[Date "1977.05.24"]
[Round "6"]
[White "Valdes Castillo, Arnaldo"]
[Black "Dorfman, Iosif"]
[Result "0-1"]
[WhiteElo "2285"]
[BlackElo "2445"]
[EventDate "1977.05.18"]
[PlyCount "62"]

1.e4 c5 2.c3 e6 3.d4 d5 4.exd5 exd5 5.Nf3 Nc6 6.Be3 c4 7.b3 cxb3 8.axb3 
Bf5 9.Bd3 Bxd3 10.Qxd3 Bd6 11.O-O Nge7 12.Bg5 O-O 13.Na3 Qd7 14.Nb5 Bb8 
15.Bxe7 Nxe7 16.Ne5 Qd8 17.Qh3 Ng6 18.Rfe1 a6 19.Na3 Bxe5 20.dxe5 Re8 21.
e6 Rxe6 22.Rxe6 Nf4 23.Qf5 Nxe6 24.Rd1 Qa5 25.Nc4 Qxc3 26.Nd6 Qc7 27.Qxd5 
Rd8 28.g3 h6 29.Kf1 b6 30.Ke2 Nc5 31.Qe5 Nb7 0-1

[Event "14th Capablanca Memorial"]
[Site "Cienfuegos CUB"]
[Date "1977.05.24"]
[Round "6"]
[White "Rodriguez Cordoba, Jesus"]
[Black "Estevez Morales, Guillermo"]
[Result "1/2-1/2"]
[WhiteElo "2310"]
[BlackElo "2360"]
[EventDate "1977.05.18"]
[PlyCount "118"]

1.e4 c5 2.Nf3 d6 3.d4 cxd4 4.Nxd4 Nf6 5.Nc3 Nc6 6.Bc4 e6 7.Be3 Be7 8.Qe2 
a6 9.Bb3 O-O 10.Rg1 Na5 11.O-O-O Qc7 12.g4 b5 13.g5 Nxb3+ 14.axb3 Nd7 15.
Rg3 Re8 16.h4 g6 17.h5 Bf8 18.hxg6 fxg6 19.Rh1 Bg7 20.f4 b4 21.Na4 Nf8 22.
Nf3 Bb7 23.Qd3 Qc6 24.Nd2 d5 25.Rgh3 dxe4 26.Qe2 a5 27.Qh2 Re7 28.Kb1 Bh8 
29.Nc4 Rf7 30.Nc5 Ba6 31.Nxa6 Rxa6 32.Rd1 a4 33.Rd8 axb3 34.cxb3 Ra8 35.
Rxa8 Qxa8 36.Bc5 Qd5 37.Bxb4 Qd1+ 38.Ka2 Ra7+ 39.Na3 Rc7 40.Nc4 Ra7+ 41.
Na3 Rb7 42.Qd2 Qf1 43.Re3 Rd7 44.Qe2 Qc1 45.Bc3 Bxc3 46.Rxc3 Qxf4 47.Rc4 
Qxg5 48.Qxe4 Qd5 49.Qe3 Rf7 50.Rd4 Rf3 51.Rxd5 Rxe3 52.Rd8 Re4 53.Nc4 h5 
54.Nd2 Rf4 55.Ka3 h4 56.b4 g5 57.b5 h3 58.b6 Rf7 59.Ne4 h2 1/2-1/2

[Event "14th Capablanca Memorial"]
[Site "Cienfuegos CUB"]
[Date "1977.05.24"]
[Round "6"]
[White "Lechtynsky, Jiri"]
[Black "Ermenkov, Evgeny"]
[Result "1/2-1/2"]
[WhiteElo "2375"]
[BlackElo "2445"]
[EventDate "1977.05.18"]
[PlyCount "32"]

1.e4 c6 2.d4 d5 3.Nd2 dxe4 4.Nxe4 Bf5 5.Ng3 Bg6 6.Nf3 Nd7 7.h4 h6 8.h5 Bh7
9.Bd3 Bxd3 10.Qxd3 Qc7 11.Bd2 Ngf6 12.O-O-O e6 13.c4 Bd6 14.Ne4 Nxe4 15.
Qxe4 O-O-O 16.Kb1 Nf6 1/2-1/2

[Event "14th Capablanca Memorial"]
[Site "Cienfuegos CUB"]
[Date "1977.05.24"]
[Round "6"]
[White "Hedman Senarega, Jose Antonio"]
[Black "Rodriguez Cespedes, Amador"]
[Result "0-1"]
[WhiteElo "2270"]
[BlackElo "2395"]
[EventDate "1977.05.18"]
[PlyCount "76"]

1.e4 c5 2.Nf3 d6 3.d4 cxd4 4.Nxd4 Nf6 5.Nc3 a6 6.a4 Nc6 7.Be2 e6 8.O-O Be7
9.Kh1 O-O 10.f4 Qc7 11.Nb3 b6 12.Bf3 Rb8 13.Qe2 Re8 14.Be3 Na5 15.Nxa5 
bxa5 16.Rab1 Rb4 17.Qd3 Bb7 18.Bd2 Rc8 19.Rfe1 e5 20.f5 h6 21.Qe2 Rc4 22.
Qf2 Qb8 23.Re2 Ba8 24.Qe1 Bd8 25.b3 R4c5 26.Rc1 Bb6 27.Re3 R5c7 28.Rd3 Bd4
29.Ne2 Bb2 30.Bxa5 Bxc1 31.Bxc7 Qxc7 32.Qxc1 Nxe4 33.Bxe4 Bxe4 34.Rg3 Bxf5
35.Qxh6 Bg6 36.Qh4 Qxc2 37.Rh3 f6 38.Qg4 Qd1+ 0-1

[Event "14th Capablanca Memorial"]
[Site "Cienfuegos CUB"]
[Date "1977.05.24"]
[Round "6"]
[White "Garcia Gonzales, Guillermo"]
[Black "Romanishin, Oleg"]
[Result "1-0"]
[WhiteElo "2485"]
[BlackElo "2595"]
[EventDate "1977.05.18"]
[PlyCount "86"]

1.d4 Nf6 2.c4 e6 3.Nc3 Bb4 4.e3 c5 5.Ne2 b6 6.a3 Ba5 7.Rb1 Qe7 8.Bd2 Nc6 
9.Ng3 cxd4 10.exd4 Bxc3 11.Bxc3 d5 12.Bd3 dxc4 13.Bxc4 Nd5 14.O-O Nxc3 15.
bxc3 Na5 16.Bb5+ Bd7 17.Nf5 Qf6 18.Nd6+ Ke7 19.Ne4 Qf4 20.Bd3 Bc6 21.Re1 
Rhd8 22.g3 Qh6 23.f4 Bxe4 24.Rxe4 Kf8 25.Re5 g6 26.Ba6 Kg8 27.Qf3 Qf8 28.
g4 Qxa3 29.f5 exf5 30.gxf5 Nc6 31.Qxc6 Qxa6 32.Rbe1 Qc8 33.Qf3 Qc4 34.f6 
Rac8 35.Qf4 Qc6 36.Rf1 Rd6 37.Re3 h5 38.d5 Qxd5 39.Qh6 Rxf6 40.Rxf6 Qd7 
41.Rg3 Qd1+ 42.Rf1 Qd5 43.Qe3 Kg7 1-0

[Event "14th Capablanca Memorial"]
[Site "Cienfuegos CUB"]
[Date "1977.05.24"]
[Round "6"]
[White "Cobo Arteaga, Eldis"]
[Black "Ferrera, Benjamin"]
[Result "1/2-1/2"]
[WhiteElo "2390"]
[BlackElo "2310"]
[EventDate "1977.05.18"]
[PlyCount "69"]

1.Nf3 e6 2.g3 b6 3.Bg2 Bb7 4.c4 c5 5.O-O Nf6 6.b3 Be7 7.Bb2 O-O 8.Nc3 Qc8 
9.d4 cxd4 10.Qxd4 Nc6 11.Qf4 Qb8 12.Qxb8 Raxb8 13.Rfd1 Rfd8 14.Rd2 a6 15.
Rad1 Ba8 16.e4 d6 17.Nd4 Nxd4 18.Rxd4 Rdc8 19.R4d3 b5 20.cxb5 axb5 21.b4 
Bf8 22.a3 g6 23.f4 Bc6 24.Re3 Ne8 25.f5 Bh6 26.Re2 Bg7 27.Rd3 Be5 28.fxe6 
fxe6 29.Bh3 Ng7 30.Kf2 h5 31.Ke3 g5 32.Nd1 g4 33.Bg2 Rb6 34.Bc3 Bxc3 35.
Rxc3 1/2-1/2

[Event "14th Capablanca Memorial"]
[Site "Cienfuegos CUB"]
[Date "1977.05.24"]
[Round "6"]
[White "Antoshin, Vladimir"]
[Black "Fernandez Gonzalez, Juan Carlos"]
[Result "1/2-1/2"]
[WhiteElo "2475"]
[BlackElo "2420"]
[EventDate "1977.05.18"]
[PlyCount "56"]

1.d4 Nf6 2.c4 e6 3.Nc3 Bb4 4.e3 b6 5.Bd3 Bb7 6.Nf3 c5 7.a3 Bxc3+ 8.bxc3 d6
9.O-O Nbd7 10.Nd2 O-O 11.e4 e5 12.f3 Re8 13.Rf2 Nf8 14.Nf1 Ne6 15.dxe5 
dxe5 16.Ne3 Nf4 17.Nd5 Nxd3 18.Qxd3 h6 19.a4 a5 20.Qb1 Ba6 21.Rb2 Nxd5 22.
cxd5 Rb8 23.Be3 Bc4 24.Qc2 Qc7 25.Qf2 Rb7 26.Rab1 Bd3 27.Rd1 Bc4 28.Rdb1 
Bd3 1/2-1/2

[Event "14th Capablanca Memorial"]
[Site "Cienfuegos CUB"]
[Date "1977.05.24"]
[Round "6"]
[White "Andersson, Ulf"]
[Black "Menvielle Laccourreye, Augusto"]
[Result "1-0"]
[WhiteElo "2565"]
[BlackElo "2340"]
[EventDate "1977.05.18"]
[PlyCount "65"]

1.Nf3 f5 2.g3 g6 3.d4 Nf6 4.Bg2 Bg7 5.O-O O-O 6.c4 d6 7.Nc3 c6 8.d5 Bd7 9.
Nd4 Qb6 10.e3 Na6 11.b3 Nc5 12.Bb2 a5 13.Rb1 Rfc8 14.Ba1 Qd8 15.Nce2 Nce4 
16.Nf4 cxd5 17.Nde6 Bxe6 18.Nxe6 Qd7 19.cxd5 Nc3 20.Bxc3 Rxc3 21.Qd2 Rac8 
22.Rfc1 Ne8 23.a4 Bf6 24.Bf1 b6 25.Bb5 Rxc1+ 26.Rxc1 Qb7 27.Rc6 Rb8 28.Qc2
Ng7 29.Rc7 Qa8 30.Bc6 Qa6 31.Bb7 Qa7 32.Rc8+ Ne8 33.Qc6 1-0

[Event "14th Capablanca Memorial"]
[Site "Cienfuegos CUB"]
[Date "1977.05.25"]
[Round "7"]
[White "Romanishin, Oleg"]
[Black "Valdes Castillo, Arnaldo"]
[Result "1-0"]
[WhiteElo "2595"]
[BlackElo "2285"]
[EventDate "1977.05.18"]
[PlyCount "81"]

1.d4 Nf6 2.c4 d6 3.Nc3 e5 4.dxe5 dxe5 5.Qxd8+ Kxd8 6.Nf3 Nfd7 7.Ng5 Ke8 8.
f4 Bb4 9.Bd2 exf4 10.O-O-O h6 11.Nf3 Nc5 12.e3 fxe3 13.Bxe3 Ne6 14.Nd5 Na6
15.Bd3 Bc5 16.Bxc5 Naxc5 17.Rhe1 Kf8 18.Bc2 g6 19.Ne5 Kg7 20.b4 Na6 21.Rf1
Rf8 22.a3 c5 23.Rf6 Nd4 24.Rdf1 Be6 25.b5 Rae8 26.Nxg6 Bxd5 27.cxd5 fxg6 
28.Rxg6+ Kh7 29.Rgf6+ Kg7 30.Rg6+ Kh7 31.Rxf8 Rxf8 32.Rb6+ Nxc2 33.Rxb7+ 
Kg6 34.Kxc2 Nb8 35.Rxa7 Rd8 36.Ra8 Kf5 37.a4 Ke5 38.a5 Rg8 39.Kc3 Kxd5 40.
a6 Re8 41.a7 1-0

[Event "14th Capablanca Memorial"]
[Site "Cienfuegos CUB"]
[Date "1977.05.25"]
[Round "7"]
[White "Rodriguez Cespedes, Amador"]
[Black "Lechtynsky, Jiri"]
[Result "1/2-1/2"]
[WhiteElo "2395"]
[BlackElo "2375"]
[EventDate "1977.05.18"]
[PlyCount "28"]

1.e4 c5 2.Nf3 Nf6 3.e5 Nd5 4.Nc3 e6 5.Ne4 f5 6.Nc3 Nc6 7.Nxd5 exd5 8.d4 d6
9.exd6 Bxd6 10.Be2 O-O 11.O-O f4 12.b3 cxd4 13.Bb2 Qf6 14.a3 Bf5 1/2-1/2

[Event "14th Capablanca Memorial"]
[Site "Cienfuegos CUB"]
[Date "1977.05.25"]
[Round "7"]
[White "Menvielle Laccourreye, Augusto"]
[Black "Vilela de Acuna, Jose Luis"]
[Result "0-1"]
[WhiteElo "2340"]
[BlackElo "2405"]
[EventDate "1977.05.18"]
[PlyCount "172"]

1.e4 c5 2.Nf3 e6 3.Nc3 a6 4.d4 cxd4 5.Nxd4 Nc6 6.g3 d6 7.Bg2 Bd7 8.O-O Nf6
9.Re1 Be7 10.Nb3 O-O 11.a4 Qc7 12.f4 b6 13.h3 Rfd8 14.g4 Be8 15.Be3 Nd7 
16.Qd2 Nc5 17.Qf2 Rab8 18.Nd4 Nxd4 19.Bxd4 b5 20.axb5 axb5 21.f5 b4 22.Nd1
e5 23.Bxc5 dxc5 24.Bf1 c4 25.Ra7 Qc5 26.f6 Qxf2+ 27.Nxf2 Bc5 28.Rc7 Rbc8 
29.Rxc8 Rxc8 30.Kg2 Bd4 31.c3 bxc3 32.bxc3 Bxf2 33.Kxf2 gxf6 34.Rd1 Kf8 
35.Ke3 Ke7 36.Be2 Bd7 37.Rb1 Be6 38.Rb4 Kd6 39.Ra4 Kc5 40.Ra5+ Kb6 41.Ra4 
Kb5 42.Ra1 Rg8 43.Rb1+ Kc5 44.Rf1 Rg6 45.Rf3 Kd6 46.Rf1 Ke7 47.Kf2 Rg8 48.
Rg1 Ra8 49.Rg3 Ra1 50.Rf3 Rc1 51.Bf1 Kf8 52.Be2 Rc2 53.Re3 Kg7 54.Kg3 Kg6 
55.Kh4 Kh6 56.Kg3 Kg5 57.Bd1 Rc1 58.Be2 Kg6 59.Rf3 Kg7 60.Kf2 Rc2 61.Ke1 
Kg6 62.Kd1 Ra2 63.Ke1 Kg5 64.Kf2 Rc2 65.Kf1 Ra2 66.Ke1 Rb2 67.Kf1 Rb1+ 68.
Kf2 Rc1 69.Kg3 Kg6 70.Kf2 Kg7 71.Bf1 Kf8 72.Ke2 Ke7 73.Kd2 Ra1 74.Be2 Rh1 
75.Bf1 Rg1 76.Be2 Rg2 77.Ke3 Rh2 78.Rg3 Kf8 79.Kd2 Kg7 80.Kd1 Kg6 81.Rf3 
Kg5 82.Bf1 h5 83.gxh5 Kxh5 84.Rxf6 Kg5 85.Rf3 f6 86.Be2 Rxh3 0-1

[Event "14th Capablanca Memorial"]
[Site "Cienfuegos CUB"]
[Date "1977.05.25"]
[Round "7"]
[White "Ferrera, Benjamin"]
[Black "Rodriguez Cordoba, Jesus"]
[Result "1-0"]
[WhiteElo "2310"]
[BlackElo "2310"]
[EventDate "1977.05.18"]
[PlyCount "81"]

1.c4 Nf6 2.Nc3 d6 3.g3 e5 4.Bg2 Nbd7 5.d3 c6 6.Rb1 Be7 7.b4 Nf8 8.Nf3 Ng6 
9.h4 Bg4 10.b5 Qc8 11.Nd2 h5 12.a4 O-O 13.a5 Rd8 14.a6 d5 15.axb7 Qxb7 16.
bxc6 Qxc6 17.Nxd5 Nxd5 18.cxd5 Qc8 19.Nc4 Rb8 20.Bd2 Bc5 21.Rxb8 Qxb8 22.
Na5 Qb6 23.O-O Ne7 24.Nc4 Qb8 25.Be3 Bd4 26.Bxd4 exd4 27.Na5 Qb2 28.Qa1 
Qb6 29.Qa2 Nc8 30.Rb1 Qa6 31.Rb2 Re8 32.Kf1 Qh6 33.Qb1 Nb6 34.Nc6 Na4 35.
Rb8 Rxb8 36.Qxb8+ Kh7 37.Be4+ g6 38.Qxa7 Qc1+ 39.Kg2 Kg7 40.Qxd4+ Kh7 41.
Qf6 1-0

[Event "14th Capablanca Memorial"]
[Site "Cienfuegos CUB"]
[Date "1977.05.25"]
[Round "7"]
[White "Fernandez Gonzalez, Juan Carlos"]
[Black "Andersson, Ulf"]
[Result "0-1"]
[WhiteElo "2420"]
[BlackElo "2565"]
[EventDate "1977.05.18"]
[PlyCount "53"]

1.d4 Nf6 2.c4 g6 3.Nc3 Bg7 4.e4 d6 5.Be2 O-O 6.Nf3 c5 7.O-O Re8 8.h3 cxd4 
9.Nxd4 a6 10.Be3 Nbd7 11.Qd2 b6 12.Rfd1 Bb7 13.f3 h5 14.a4 a5 15.Ndb5 Nc5 
16.Rab1 Bc6 17.b3 Rb8 18.Qe1 Nh7 19.g4 hxg4 20.hxg4 Rb7 21.Nd4 Bxd4 22.
Bxd4 e5 23.Be3 f5 24.Bxc5 bxc5 25.Nb5 Re6 26.exf5 gxf5 27.gxf5 0-1

[Event "14th Capablanca Memorial"]
[Site "Cienfuegos CUB"]
[Date "1977.05.25"]
[Round "7"]
[White "Farago, Ivan"]
[Black "Garcia Gonzales, Guillermo"]
[Result "0-1"]
[WhiteElo "2500"]
[BlackElo "2485"]
[EventDate "1977.05.18"]
[PlyCount "82"]

1.d4 Nf6 2.c4 d6 3.Nc3 e5 4.Nf3 Nbd7 5.e4 c6 6.Be2 g6 7.O-O Bg7 8.Re1 O-O 
9.Bf1 Qb6 10.d5 c5 11.g3 Ne8 12.Nh4 Qd8 13.a3 b6 14.Qc2 Bf6 15.Ng2 Kg7 16.
Rb1 h5 17.h4 Be7 18.Bd3 Ndf6 19.Nd1 Nh7 20.b4 a6 21.bxc5 bxc5 22.Bd2 g5 
23.hxg5 Nxg5 24.Bxg5 Bxg5 25.Nde3 Rg8 26.Nf5+ Kf8 27.Kf1 Bxf5 28.exf5 h4 
29.gxh4 Bxh4 30.Be4 Bg5 31.Rb7 Nf6 32.Reb1 Qa5 33.R1b3 Rh8 34.Kg1 Bf4 35.
f3 Kg7 36.Qc3 Qxc3 37.Rxc3 Rh3 38.Nxf4 exf4 39.Rc2 Nxe4 40.fxe4 Kf6 41.e5+
dxe5 0-1

[Event "14th Capablanca Memorial"]
[Site "Cienfuegos CUB"]
[Date "1977.05.25"]
[Round "7"]
[White "Estevez Morales, Guillermo"]
[Black "Hedman Senarega, Jose Antonio"]
[Result "1-0"]
[WhiteElo "2360"]
[BlackElo "2270"]
[EventDate "1977.05.18"]
[PlyCount "81"]

1.d4 e6 2.e4 d5 3.Nd2 Nf6 4.e5 Nfd7 5.f4 c5 6.Ndf3 Nc6 7.Ne2 Be7 8.c3 Qb6 
9.Qc2 cxd4 10.Nexd4 Nxd4 11.Nxd4 Nc5 12.Be2 f5 13.exf6 Bxf6 14.Be3 Bd7 15.
O-O O-O 16.Nb3 Ba4 17.Bg4 Bxb3 18.axb3 d4 19.Bf2 Qd6 20.Kh1 Rfd8 21.b4 Na6
22.Rad1 Qc6 23.Qb3 Nc7 24.Bf3 Qb5 25.c4 Qb6 26.Rfe1 Kh8 27.Be4 Na6 28.Qh3 
h6 29.Bb1 Qxb4 30.Qd3 Kg8 31.Qh7+ Kf8 32.Rxe6 Qxc4 33.Rxf6+ gxf6 34.Qxh6+ 
Ke7 35.Qg7+ Kd6 36.Rxd4+ Ke6 37.Rxc4 Rd1+ 38.Bg1 Rxb1 39.Qg4+ Kd5 40.Rd4+ 
Kc5 41.Qf5+ 1-0

[Event "14th Capablanca Memorial"]
[Site "Cienfuegos CUB"]
[Date "1977.05.25"]
[Round "7"]
[White "Ermenkov, Evgeny"]
[Black "Antoshin, Vladimir"]
[Result "1/2-1/2"]
[WhiteElo "2445"]
[BlackElo "2475"]
[EventDate "1977.05.18"]
[PlyCount "86"]

1.d4 Nf6 2.Nf3 d5 3.Bg5 c6 4.e3 Ne4 5.Bf4 Bf5 6.Bd3 e6 7.O-O Nd7 8.c4 Be7 
9.Nc3 Nxc3 10.bxc3 Bxd3 11.Qxd3 O-O 12.Rab1 b6 13.cxd5 cxd5 14.c4 dxc4 15.
Qxc4 Qc8 16.Qd3 Qb7 17.e4 Nf6 18.Rfe1 Rac8 19.Bg5 Rfd8 20.Rbd1 h6 21.Bh4 
b5 22.Qb1 b4 23.h3 a5 24.Re3 Rd7 25.d5 exd5 26.Bxf6 Bxf6 27.e5 Be7 28.Nd4 
Bc5 29.Qf5 Re8 30.Rg3 Bxd4 31.Rxd4 Re6 32.Qh5 Kh7 33.f4 Qb6 34.Rd3 Rc7 35.
Qd1 Rec6 36.Kh2 Rc4 37.f5 Rxd4 38.Rxd4 a4 39.f6 g6 40.Qd2 Qe6 41.Rxd5 b3 
42.axb3 axb3 43.Rb5 Rc2 1/2-1/2

[Event "14th Capablanca Memorial"]
[Site "Cienfuegos CUB"]
[Date "1977.05.25"]
[Round "7"]
[White "Dorfman, Iosif"]
[Black "Cobo Arteaga, Eldis"]
[Result "1/2-1/2"]
[WhiteElo "2445"]
[BlackElo "2390"]
[EventDate "1977.05.18"]
[PlyCount "35"]

1.c4 Nf6 2.Nc3 g6 3.e4 d6 4.d4 Bg7 5.Nf3 O-O 6.Be2 e5 7.O-O Nc6 8.d5 Ne7 
9.Ne1 Ne8 10.f3 f5 11.g4 Nf6 12.Nd3 c6 13.Nf2 a6 14.Bd2 cxd5 15.cxd5 b5 
16.b4 Bd7 17.Be3 f4 18.Bd2 1/2-1/2